00588nam a2200145Ia 4500008004100000050002400041100002600065245007700091260008600168300002800254521002700282942000700309999001900316952010700335140724s9999 xx 000 0 und d aQA 76.5b.R816 2009 aRosero, Mark Jed Sia. aAutomated inventory system of Unisia Enterpirses /cMark Jed Sia Rosero. aLas Piñas, Philippines :bSouthville International School and Colleges,cc2009. a40 p. :bill. ;c28 cm. aInformation Technology cTH c229239d229239 001040aCLbCLcTHESESd2014-07-24l0oQA 76.5 .R816 2009pT0593r2018-05-15 00:00:00w2014-07-24yTH